000 00309nam a2200109Ia 4500
008 171211s9999 xx 000 0 und d
245 4 _aThe People's Game?: Football, Finance and Society
245 _cS. Morrow
260 _c2004
650 _xECONOMICS
856 _uhttp://down.ebook777.com/064/033394612X.pdf
999 _c349540
_d349540